| 000 | 01156cab a2200289 4500 | ||
|---|---|---|---|
| 001 | ABS59029 | ||
| 008 | 090401t1998 xxu||||| |||| 00| 0 eng d | ||
| 035 | _a(Sirsi) u87437 | ||
| 041 | _aeng | ||
| 100 | _aHorler, C. | ||
| 245 | _aFactor in the risks | ||
| 260 | _c1998 | ||
| 350 | _a0 | ||
| 490 |
_aEstates Gazette _v(9827) 4 July 1998, 132-134(3) |
||
| 520 | _aDiscusses the mismatch between the advice requied by bankers and that provided by valuers. Considers the concept of underlying worth of a property over the term of the loan from the lender`s point of view, as opposed to open market value and estimated realisation price. Includes a case study analysis of a transaction that proceeded on the basis of a traditional valuation report. | ||
| 650 | _aBANKS | ||
| 650 | _aCASHFLOW LENDING | ||
| 650 | _aESTIMATED REALISATION PRICE | ||
| 650 | _aOPEN MARKET VALUE | ||
| 650 | _aPROPERTY FINANCE MARKET | ||
| 650 | _aPROPERTY GLOBALISATION | ||
| 650 | _aTERM OF THE LOAN | ||
| 650 | _aUNDERLYING WORTH | ||
| 690 | _aPROPERTY-COMMERCIAL PROPERTY-COMMERCIAL PROPERTY APPRAISAL AND VALUATION | ||
| 942 | _n0 | ||
| 948 | _c16/07/1998 | ||
| 999 |
_c55145 _d55145 |
||